000 01170cam a2200361 i 4500
001 20565260
003 OSt
005 20230818152219.0
008 180629s2020 at 001 0 eng
010 _a 2018950160
020 _a9789355734006
020 _a9780357033180
040 _aDLC
_beng
_erda
_cDLC
042 _apcc
043 _an-us---
050 0 0 _aHB615
_b.K87 2020
082 0 0 _a658.421
_bKUR/E
100 1 _aKuratko, Donald F.
_eauthor.
_99318
245 1 0 _aEntrepreneurship :
_btheory, process, practice /
_cDr. Donald F. Kuratko.
250 _a11e.
264 1 _aAustralia ;
_aBoston, MA :
_bCengage,
_c[2020]
300 _axxviii, 478 pages ;
_c28 cm
336 _atext
_btxt
_2rdacontent
337 _aunmediated
_bn
_2rdamedia
338 _avolume
_bnc
_2rdacarrier
500 _aIncludes indexes.
650 0 _aEntrepreneurship
_zUnited States.
650 0 _aNew business enterprises
_zUnited States.
650 0 _aSmall business
_zUnited States.
906 _a7
_bcbc
_corignew
_d2
_eepcn
_f20
_gy-gencatlg
942 _2ddc
_cBK
_h658.421
_iKUR/E
_k658.421
_mKUR/E
999 _c41921
_d41921